|
|
|
|
| LEADER |
01039nam a2200265 a 4500 |
| 001 |
13165877 |
| 008 |
120130s2004 flua b 001 0 eng |
| 010 |
|
|
|a 2003051458
|
| 020 |
|
|
|a 1584884339 (hbk. : alk. paper)
|
| 040 |
|
|
|a DLC
|c DLC
|d DLC
|d BD-DhAAL
|
| 042 |
|
|
|a pcc
|
| 050 |
0 |
0 |
|a RA652.2.M3
|b J49 2004
|
| 082 |
0 |
0 |
|a 614.4/072/7
|2 21
|
| 100 |
1 |
|
|a Jewell, Nicholas P.,
|d 1952-
|
| 245 |
1 |
0 |
|a Statistics for epidemiology /
|c by Nicholas P. Jewell.
|
| 260 |
|
|
|a Boca Raton :
|b Chapman & Hall/CRC,
|c c2004.
|
| 300 |
|
|
|a xiv, 333 p. :
|b ill. ;
|c 24 cm.
|
| 490 |
1 |
|
|a Texts in statistical science series ;
|v 58
|
| 504 |
|
|
|a Includes bibliographical references (p. [303]-310) and index.
|
| 541 |
|
|
|e 00024430
|
| 650 |
|
0 |
|a Epidemiology
|x Statistical methods.
|
| 830 |
|
0 |
|a Texts in statistical science.
|
| 852 |
1 |
|
|a James P Grant School of Public Health
|c General Shelf.
|
| 999 |
|
|
|c 11837
|d 11837
|
| 952 |
|
|
|0 0
|1 0
|2 ddc
|4 0
|6 614_407270000000000_JEW
|7 0
|9 19347
|a JPGSPH
|b JPGSPH
|c GEN
|d 2012-01-31
|l 0
|o 614.40727 JEW
|p 3060024430
|r 2012-01-31
|t 1
|w 2012-01-31
|y BK
|